League of Ireland Premier Division 2025 First XI - Statistics

General Stats
  • This quiz has been taken 16 times
  • The average score is 22 of 110
Answer Stats
Club Position Nationality Player % Correct
Bohemian FC CM Dawson Devoy
44%
St Patrick's GK Joseph Anang
44%
Galway United GK Brendan Clarke
38%
Waterford United AM Conan Noonan
38%
Shamrock Rovers GK Ed McGinty
38%
Shamrock Rovers CM Graham Burke
38%
St Patrick's FW Jake Mulraney
38%
St Patrick's CB Joe Redmond
38%
Bohemian FC RB Liam Smith
38%
Shamrock Rovers FW Michael Noonan
38%
Shamrock Rovers CB Pico
38%
Waterford United DM Ryan Burke
38%
Shelbourne FC FW Sean Boyd
38%
St Patrick's LB Anto Breslin
31%
St Patrick's RB Axel Sjöberg
31%
Shelbourne FC GK Conor Kearns
31%
Shamrock Rovers CB Daniel Cleary
31%
Shelbourne FC RM Harry Wood
31%
St Patrick's CM Jamie Lennon
31%
Shelbourne FC CM Kerr McInroy
31%
Derry City LM Michael Duffy
31%
Shelbourne FC CB Paddy Barrett
31%
Cork City CM Ruairi Keating
31%
Cork City FW Seán Maguire
31%
Galway United FW Stephen Walsh
31%
St Patrick's CB Tom Grivosti
31%
St Patrick's FW Aidan Keena
25%
St Patrick's CM Brandon Kavanagh
25%
Cork City FW Cathal O'Sullivan
25%
Sligo Rovers FW Cian Kavanagh
25%
Bohemian FC FW Connor Parsons
25%
Bohemian FC FW Dayle Rooney
25%
Galway United RM Jeannot Esua
25%
Shamrock Rovers LB Joshua Honohan
25%
Shamrock Rovers CB Lee Grace
25%
Bohemian FC CB Leigh Kavanagh
25%
Bohemian FC FW Lys Mousset
25%
Cork City FW Malik Dijksteel
25%
Shelbourne FC CM Mark Coyle
25%
Shelbourne FC FW Mipo Odubeko
25%
Waterford United FW Pádraig Amond
25%
Galway United CM Patrick Hickey
25%
Bohemian FC CB Rob Cornwall
25%
Shelbourne FC RB Sean Gannon
25%
St Patrick's FW Zachary Elbouzedi
25%
Shamrock Rovers RB Adam Matthews
19%
Cork City LB Benny Couto
19%
Derry City GK Brian Maher
19%
Drogheda United CB Conor Keeley
19%
Shamrock Rovers LM Daniel Mandroiu
19%
Shamrock Rovers RM Dylan Watts
19%
Shamrock Rovers CM Gary O'Neill
19%
Cork City CM Greg Bolger
19%
Drogheda United CB James Bolger
19%
Bohemian FC GK James Talbot
19%
Waterford United CB Kacper Radkowski
19%
Shelbourne FC LB Kameron Ledwidge
19%
Derry City FW Liam Boyce
19%
Drogheda United GK Luke Dennison
19%
Galway United FW Moses Dyer
19%
Derry City FW Patrick Hoban
19%
Derry City RB Ronan Boyce
19%
Bohemian FC CM Ross Tierney
19%
Drogheda United DM Ryan Brennan
19%
Shelbourne FC CB Sam Bone
19%
Derry City RM Adam O'Reilly
13%
Waterford United CB Andy Boyle
13%
Cork City CB Charlie Lyons
13%
Sligo Rovers CM Connor Malley
13%
Drogheda United AM Darragh Markey
13%
Galway United CM David Hurley
13%
Cork City CB Freddie Anderson
13%
Waterford United CB Grant Horton
13%
Galway United CB Greg Cunningham
13%
Galway United CM Jimmy Keohane
13%
Sligo Rovers CB John Mahon
13%
Galway United CB Killian Brouder
13%
Derry City CB Mark Connolly
13%
Bohemian FC CM Niall Morahan
13%
Sligo Rovers CB Oliver Denham
13%
Sligo Rovers FW Owen Elding
13%
Galway United CB Rob Slevin
13%
Waterford United DM Rowan McDonald
13%
Waterford United GK Stephen McMullan
13%
Cork City GK Tein Troost
13%
Sligo Rovers FW William Fitzgerald
13%
Drogheda United CB Andrew Quinn
6%
St Patrick's CM Barry Crowe-Baggley
6%
Waterford United DM Ben McCormack
6%
Galway United LM Bobby Burns
6%
Derry City CM Carl Winchester
6%
Drogheda United DM Conor Kane
6%
Cork City RB Darragh Crowley
6%
Derry City CM Dom Thomas
6%
Shelbourne FC LM Evan Caffrey
6%
Sligo Rovers RM Jad Hakiki
6%
Bohemian FC LB John Mountney
6%
Drogheda United FW Joshua Thomas
6%
Sligo Rovers LM Matthew Wolfe
6%
Waterford United DM Navajo Bakboord
6%
Sligo Rovers CM Oskar van Hattum
6%
Drogheda United DM Owen Lambe
6%
Sligo Rovers CB Reece Hutchinson
6%
Cork City CM Rio Shipston
6%
Sligo Rovers GK Sam Sargeant
6%
Derry City CB Sam Todd
6%
Drogheda United DM Shane Farrell
6%
Derry City LB Shane Ferguson
6%
Waterford United FW Tommy Lonergan
6%
Drogheda United FW Zishim Bawa
6%
No matching quizzes found
Score Distribution
Percent of People with Each Score
Percentile by Number Answered
Your Score History
You have not taken this quiz